Valuation of surgery premises used for medical or health services in the United Kingdom (Record no. 102724)
[ view plain ]
| 000 -LEADER | |
|---|---|
| fixed length control field | 02005cam a2200277 4500 |
| 008 - FIXED-LENGTH DATA ELEMENTS--GENERAL INFORMATION | |
| fixed length control field | 000000n2003 000 0 eng u |
| 020 ## - INTERNATIONAL STANDARD BOOK NUMBER | |
| International Standard Book Number | 1842191454 |
| 035 ## - SYSTEM CONTROL NUMBER | |
| System control number | (Sirsi) u121750 |
| 041 0# - LANGUAGE CODE | |
| Language code of text/sound track or separate title | eng |
| 050 04 - LIBRARY OF CONGRESS CALL NUMBER | |
| Classification number | 333.332 $2 18 |
| 110 2# - MAIN ENTRY--CORPORATE NAME | |
| Corporate name or jurisdiction name as entry element | Royal Institution of Chartered Surveyors |
| Subordinate unit | Valuation Faculty |
| 9 (RLIN) | 4354 |
| 245 00 - TITLE STATEMENT | |
| Title | Valuation of surgery premises used for medical or health services in the United Kingdom |
| Remainder of title | Valuation Information Paper No. 4 |
| Medium | [archived] |
| 260 ## - PUBLICATION, DISTRIBUTION, ETC. | |
| Place of publication, distribution, etc. | Coventry |
| Name of publisher, distributor, etc. | RICS |
| Date of publication, distribution, etc. | 2003 |
| 300 ## - PHYSICAL DESCRIPTION | |
| Extent | 17p. |
| Dimensions | 30cm. |
| 490 #0 - SERIES STATEMENT | |
| Series statement | RICS Information Paper |
| 490 #0 - SERIES STATEMENT | |
| Series statement | RICS Valuation Information Paper |
| Volume/sequential designation | (04) |
| 505 2# - FORMATTED CONTENTS NOTE | |
| Formatted contents note | The NHS framework -- BMA guidance -- Basis of valuation and assumptions -- Inspection and measurement -- Valuation considerations -- The impact of disability legislation -- Pharmacies within healthcare developments |
| 520 ## - SUMMARY, ETC. | |
| Summary, etc. | Concerned with the valuation of surgery premises, including all medical centres and surgeries occupied by doctors and other similar practitioners for medical or health services. It does not apply to valuations carried out under statutory provisions, or to private heathcare properties such as nursing or residential care homes (although some of the considerations covered may be relevant). Written specifically for position in England and Wales although Scottish variations are noted. Should be able to adapt to local circumstances in Northern Ireland. |
| 520 ## - SUMMARY, ETC. | |
| Summary, etc. | Superseded by second edition (ISBN 9781842195994). |
| 650 24 - SUBJECT ADDED ENTRY--TOPICAL TERM | |
| Topical term or geographic name entry element | RICS appraisal and valuation standards |
| 651 #4 - SUBJECT ADDED ENTRY--GEOGRAPHIC NAME | |
| Geographic name | England and Wales |
| Chronological subdivision | 1543- |
| 690 ## - LOCAL SUBJECT ADDED ENTRY--TOPICAL TERM (OCLC, RLIN) | |
| Topical term or geographic name as entry element | PROPERTY-OTHER PROPERTY TYPES-HEALTHCARE AND WELFARE PROPERTY |
| 710 2# - ADDED ENTRY--CORPORATE NAME | |
| Corporate name or jurisdiction name as entry element | Royal Institution of Chartered Surveyors |
| Subordinate unit | Doctors' Surgeries Working Group |
| 9 (RLIN) | 4504 |
| 856 41 - ELECTRONIC LOCATION AND ACCESS | |
| Uniform Resource Identifier | <a href="https://www.isurv.com/downloads/file/2752/archive_vip_04_the_valuation_of_surgery_premises_used_for_medical_or_health_services_in_the_united_kingdom_july_2003-october_2010">https://www.isurv.com/downloads/file/2752/archive_vip_04_the_valuation_of_surgery_premises_used_for_medical_or_health_services_in_the_united_kingdom_july_2003-october_2010</a> |
| Public note | Archived on isurv (Subscription required) |
| 942 ## - ADDED ENTRY ELEMENTS (KOHA) | |
| Suppress in OPAC | 0 |
| Source of classification or shelving scheme | Dewey Decimal Classification |
| Withdrawn status | Lost status | Source of classification or shelving scheme | Damaged status | Not for loan | Home library | Current library | Shelving location | Date acquired | Total Checkouts | Full call number | Barcode | Date last seen | Copy number | Price effective from | Koha item type | Date last checked out |
|---|---|---|---|---|---|---|---|---|---|---|---|---|---|---|---|---|
| Dewey Decimal Classification | London | London | RICS Boxes | 12/08/2003 | RICS 2003/29 | 30068605 | 06/08/2019 | 1 | 06/08/2019 | Archive | ||||||
| Dewey Decimal Classification | London | London | RICS Boxes | 12/08/2003 | RICS 2003/29 | 30068601 | 06/08/2019 | 2 | 06/08/2019 | Reference material | ||||||
| Dewey Decimal Classification | London | London | RICS Boxes | 12/08/2003 | 15 | RICS 2003/29 | 30068600 | 06/08/2019 | 4 | 06/08/2019 | Book | 01/09/2008 | ||||
| Dewey Decimal Classification | Virtual | Virtual | Online | 26/07/2023 | isurv | 26/07/2023 | 3 | 26/07/2023 | Online material |